| 000 | 00638nam a2200217Ia 4500 | ||
|---|---|---|---|
| 005 | 20241129111120.0 | ||
| 008 | 241129s9999||||xx |||||||||||||| ||und|| | ||
| 020 | _a978-1-009-31775-7 | ||
| 037 | _aTB | ||
| 040 |
_aCRL _beng _cCRL |
||
| 041 |
_aeng _2eng |
||
| 084 |
_aY15.4198 R3 _qCRL |
||
| 100 |
_aRao Nitya Au. _9723373 |
||
| 245 | 0 |
_aQuest for identity: gender land and migration n contemporary Jharkhand _cRao Nitya Au. |
|
| 260 |
_aCambridge, UK _bUniversity Press _c2023 |
||
| 300 | _axiv,365p. | ||
| 365 |
_aINR _b1350 |
||
| 650 | _aSociologyFeminism | ||
| 942 |
_cTB _hY15.4198 R3 |
||
| 999 |
_c1228994 _d1228994 |
||